000 01046nam a22002417a 4500
005 20240530110408.0
008 150204s2012 ua g b 000 0 ara d
017 _a2010/14356
_bمصر . دار الكتب المصرية
020 _a9776465278
040 _aEG-CaGPL
041 0 _aara
082 0 4 _221
_a364.168\
_bم ت
100 0 _aمحمد فتحى محمد انور عزت
245 1 0 _aتفتيش شبكة الانترنت :
_bلضبط جرائم الاعتداء على الاداب العامة و الشرف و الاعتبارات التى تقع بواسطتها دراسة مقارنة /
_cمحمد فتحى محمد انور عزت
250 _aط1
260 _aالقاهرة :
_bالمركز القومى للاصدارات القانونية ،
_c2012
300 _a594 ص ؛
_c24 سم
504 _aببليوجرافية : ص 586 - 594
650 0 4 _aجرائم الانترنت
650 0 4 _aجرائم الحاسبات الالكترونية
942 _2ddc
_cBK
999 _c60390
_d60390